1743 1783 1531 1234 1308 1515 1536 1909 1388 1530 1335 1285 1098 1916 1283 1050 1429 1228 1230 1874 1017 1573 1339 1711 1739 1530 1543 1088 1856 1656 1997 1164 1540 1385 1857 1307 1649 1427 1362 1715 1378 1175 1061 1562 1266 1056 1924 1689 1614 1232 1333 1344 1420 1970 1909 1884 1930 1208 1322 1908 1988 1852 1184 1374 1615 1268 1146 1930 1384 1348 1583 1580 1290 1504 1558 1201 1376 1456 1594 1358 1436 1156 1239 1149 1985 1917 1730 1081 1284 1633 1998 1387 1888 1934 1673 1690 1920 1693 1933 BCNSPRNW ULIB Ver.6.0+V

เปลี่ยนเป็นภาษาไทย

Change to English
 แสดงรายละเอียดบรรณานุกรม
  กลับหน้าหลัก

Brief Record : Get Marc (ISO 2709) : E-mail record : QR code < ปิดหน้าต่าง
LEADER : 00000nam 2200000uu 4500
001    13399114053
003     ULIB
008    110627s||||||||th 000 0 tha d
020    9789746907286
090    นว.^bว836ร 2553
100 0  วีรวัฒน์ กนกนุเคราะห์
245 00 เร้นพลบ/^cวีรวัฒน์ กนกนุเคราะห์
250    พิมพ์ครั้งที่ 1
260    กรุงเทพฯ :^bดอกหญ้า,^c2553
300    488 หน้า
710 1  ดอกหญ้า
945    ^p299^l0^i028100
995    ทศพร
999 ^a ใช้งานได้ทุกระบบ
รายการนี้ยังไม่มีแท็ก
คุณยังไม่ได้ล็อกอิน คุณสามารถมีกิจกรรมร่วมกับเว็บไซต์ได้ แต่ต้องล็อกอินก่อน ::
  ล็อกอิน

รายการสื่อสารสนเทศ

ลำดับที่ ประเภท เลขเรียก/บาร์โค้ด สถานที่ สถานะ
1. นวนิยาย
นวนิยาย
นว. ว836ร 2553 ฉ.1 
  Barcode: 028100
ห้องสมุดวิทยาเขตสวรรค์ประชารักษ์
►นวนิยาย
บนชั้น
  ขอยืม

BibComment


ยังไม่เคยถูกคอมเมนท์

คอมเมนท์ทรัพยากรรายการนี้
  คอมเมนท์: เร้นพลบ วีรวัฒน์ ..


 Copyright 2026. Bcnsprnw @Library